| 000 | 01107nam0a22002651 4500 | ||
|---|---|---|---|
| 001 | v19\rc\1885764 | ||
| 005 | 20251118180342.0 | ||
| 035 | _a(NLR Aleph) 004974361 | ||
| 090 |
_a6118341 _c6118341 |
||
| 100 | _a20080221d1910 u y0rusy50 ca | ||
| 101 | 0 | _arus | |
| 102 | _aRU | ||
| 105 | _ay z ||||| | ||
| 200 | 1 | _aУставы Ставропольской епархиальной братской кассы (1887 и 1897 гг.) и Кассы единовременных пособий с относящимися к ним постановлениями общеепархиальных съездов духовенства Ставропольской епархии | |
| 210 |
_aСтаврополь _d1910 |
||
| 215 | _a16, 30, 10 с. | ||
| 309 | _aКаждый устав имеет отд. тит. л. | ||
| 710 | 0 | 2 | _aСтавропольская епархиальная братская касса |
| 801 | 0 |
_aRU _bNLR _gpsbo |
|
| 801 | 0 |
_aRU _bRuMoRGB _2psbo |
|
| 801 | 1 |
_aRU _bProSoft-M _2rusmarc |
|
| 852 |
_aNLR _j18.337.2.184 |
||
| 899 |
_aRuMoRGB _jV 114/592 |
||
| 942 | _cBOOK | ||
| 980 | _aNB | ||